LEADER 00869nam a2200217 i 4500 001 000000190709 003 CaOOAMICUS 005 20100629000000.0 008 100629s1941 it u000 u ita u 013 $a169141 040 $aSeMil$bita 100 1 $aChiminelli, Piero,$d<1886-1959>.$0(OLS)http://semarc/name/30635 245 10$aSanta Caterina da Siena :$b1347-1380 /$cPiero Chiminelli. 260 $aRoma :$b[s.n.],$cstampa 1941. 300 $a577 p. ;$c24 cm. 500 $aContiene : Note e rinvii ; Bibliografia. 600 04$aCaterina : da Siena .$0(OLS)http://semarc/subject/8079 850 $aSeMil 852 $aSeMil$W1$xVenegono$y1$m3H IV 280$j141326$B141326$CSeMilBibl$Z2$F152892 $81 996 $6245$aSanta Caterina da Siena :$b1347-1380$9(OLS)http://semarc/title/274778 996 $6260$aRoma :$b[s.n.]$9(OLS)http://semarc/publisher/29738 LEADER 01162nam a2200253 i 4500 001 000000051703 003 CaOOAMICUS 005 20220610124644.0 008 120901s1974 it u000 u ita u 013 $a22875 040 $aSeMil$bita 100 1 $aLariccia, Sergio.$0(OLS)http://semarc/name/25551 245 10$aDiritto ecclesiastico italiano :$bbibliografia 1929-1972 /$cSergio Lariccia. 264 1$aMilano :$bGiuffrè,$c1974. 300 $aVII, 331 p. ;$c26 cm. 490 1 $aPubblicazioni della Facoltà di Giurisprudenza [dell']Università di Cagliari. Serie 1. Giuridica ;$v17 650 4$aDiritto ecclesiastico.$0(OLS)http://semarc/subject/933 830 0$aPubblicazioni della Facoltà di Giurisprudenza [dell']Università di Cagliari. Serie 1. Giuridica ;$v17.$0(OLS)http://semarc/title/36956 850 $aSeMil 852 $aSeMil$W1$xVenegono$y1$m2H III 146$j17858$B17858$CSeMilBibl$Z2$F17859 $81 961 $aAcquisto: Casa editrice 996 $6245$aDiritto ecclesiastico italiano :$bbibliografia 1929-1972$9(OLS)http://semarc/title/79260 996 $6264$aMilano :$bGiuffrè$9(OLS)http://semarc/publisher/29926